Normal view
MARC view
- Thibault Damous, Robert T Jantzen
Entry Personal Name
001 - CONTROL NUMBER
- control field: 23957
003 - CONTROL NUMBER IDENTIFIER
- control field: NUST
005 - DATE AND TIME OF LATEST TRANSACTION
- control field: 20191015125732.0
008 - FIXED-LENGTH DATA ELEMENTS
- fixed length control field: 191015|| aca||aabn | a|a d
040 ## - CATALOGING SOURCE
- Original cataloging agency: NUST
- Transcribing agency: NUST
100 ## - HEADING--PERSONAL NAME
- Personal name: Thibault Damous, Robert T Jantzen
670 ## - SOURCE DATA FOUND
- Source citation: Work cat.: (NUST): Thibault Damous, Robert T Jantzen, Proceedings of the Thirteenth Marcel Grossmann Meeting on General Relativity (Part A), 2012
